000 01869cam a22004694i 4500
003 PE-LiUPU
005 20250731184057.0
008 170621s2012 maua rb 001 0 eng d
020 _a9004221344
020 _a9789004221345
035 _a(Sirsi) a204446
040 _aPE-LiUPU
_bspa
_cPE-LiUPU
_erda
049 _aPRUA
082 0 4 _a809.01
_bH7
_223
245 0 0 _aHomer and the Bible in the eyes of ancient interpreters /
_ced. by Maren R. Niehoff.
264 1 _aLeiden :
_bBrill,
_c2012.
300 _ax, 372 páginas :
_bilustraciones ;
_c25 centimetros.
336 _atext
_2rdacontent
337 _aunmediated
_2rdamedia
338 _avolume
_2rdacarrier
490 0 _aJerusalem studies in religion and culture,
_x1570-078X ;
_vv. 16
504 _aBibliografía : páginas al final de cada capítulo.
504 _aÍndices: páginas 369-372.
505 0 _aSetting the stage -- Greek-speaking interpreters -- Habraic or aramaic speaking interpreters.
526 _aP145
526 _aP127
526 _aP97
526 _aP14
526 _aP07
650 0 4 _aHomero.
650 1 7 _aBiblia.
_2gtt
_0(NL-LeOCL)07846241X
650 1 7 _aInterpretación.
_2gtt
_0(NL-LeOCL)078548497
700 1 _aGarcía-Arenal, Mercedes
_eeditor.
700 1 _aMapril, Jose
_eeditor.
910 _ajck
_bjvq
_cjpc
_d20170621
942 _2ddc
_cBOOK
949 _a809.01 H7
_wDEWEY
_c1
_i76249
_lCATALOGING
_mBUL
_p186.00
_r0
_sY
_tBOOK
_u2017-06-21
_xTEOLOGÍA
_zTEOLOGÍA
_0COMPRA
_o.CIRCNOTE. El documento es de alto precio.
_o.STAFF. Colección Teología
994 _aC0
_bPEPRU
596 _a1
999 _a809.01 H7
_wDEWEY
_c20797
_i76249
_f2021-11-11
_g4
_lCCODEBUL1
_mBUL
_p186.00
_r0
_sY
_tBOOK
_u2017-6-21
_xTEOLOGIA
_PP35
_0COMPRA
_o.STAFF. Colección Teología
_d20797
980 _81
_gALBERTO SANCHEZ Responsable de Automatización